| 000 | 00542nam a2200181 i 4500 | ||
|---|---|---|---|
| 001 | 64464 | ||
| 003 | ES-MaACL | ||
| 005 | 20230906165132.0 | ||
| 007 | t| | ||
| 008 | 031224s1968 sp ||||1| spa d | ||
| 100 | 1 |
_aFondevila, Ramón María. _951497 |
|
| 245 | 1 | 0 |
_aRealidad histórica de Jesús de Nazaret / _cR.M. Fondevila ; prólogo de Mario Sala. |
| 250 | _a[1ª ed.]. | ||
| 260 |
_a[Barcelona] : _bAymá, _c[1968] |
||
| 300 |
_a273 p., 24 lám. ; _c21 cm. |
||
| 700 | 1 |
_aSala, Mario. _9101651 |
|
| 852 |
_aES-MaACL _jC-17475 _bR.65907 |
||
| 999 |
_c64464 _d64464 |
||